Od stresu ke klidu /
Posláním této knihy je nabídnout vám uvědomění, techniky a metody k tomu, abyste mohli urovnat všechny své vnitřní konflikty a žít svůj život ve větší spokojenosti a zdraví, než jak jste ho žili doteď.
Uloženo v:
| Hlavní autor: | |
|---|---|
| Médium: | E-kniha |
| Jazyk: | Czech |
| Vydáno: |
Praha :
Jana Kočendová,
2026
|
| Tagy: |
Žádné tagy |
| LEADER | 01064nam a22002297i 4500 | ||
|---|---|---|---|
| 001 | 313649 | ||
| 007 | ta | ||
| 008 | 260605s2026 xr ||||| |||| 00| 0 cze d | ||
| 020 | |a 9990004276062 | ||
| 044 | |a xr | ||
| 100 | 1 | |a Kočendová, Jana |4 aut | |
| 245 | 1 | 0 | |a Od stresu ke klidu / |c Kočendová, Jana |
| 264 | 1 | |a Praha : |b Jana Kočendová, |c 2026 | |
| 300 | |a 1 online zdroj (40 stran) | ||
| 336 | |a text |b txt |2 rdacontent | ||
| 337 | |a bez média |b n |2 rdamedia | ||
| 338 | |a online zdroj |b cr |2 rdacarrier | ||
| 520 | 2 | |a Posláním této knihy je nabídnout vám uvědomění, techniky a metody k tomu, abyste mohli urovnat všechny své vnitřní konflikty a žít svůj život ve větší spokojenosti a zdraví, než jak jste ho žili doteď. | |
| 910 | |a RBIT002 | ||
| 998 | |d 427606 |a https://core.palmknihy.cz/api/books/427606/cover?tg2c6n |b https://core.palmknihy.cz/api/books/427606/cover/400?tg2c6n |c https://core.palmknihy.cz/api/books/427606/cover/50?tg2c6n |e |g 40 |i 9990004276062 |l |q 49 |r 1 |s https://www.palmknihy.cz/kniha/427606 |t ebook |y 2026 |z 1 | ||
| 999 | |d 313647 | ||